On the lookout : (Record no. 5814)

MARC details
000 -LEADER
fixed length control field 01073nam a22002897a 4500
001 - CONTROL NUMBER
control field 5814
003 - CONTROL NUMBER IDENTIFIER
control field FISKH
005 - DATE AND TIME OF LATEST TRANSACTION
control field 20250123103044.0
008 - FIXED-LENGTH DATA ELEMENTS--GENERAL INFORMATION
fixed length control field 250123b cb ||||| |||| 00| 0 eng d
020 ## - INTERNATIONAL STANDARD BOOK NUMBER
International Standard Book Number 9780531154991
040 ## - CATALOGING SOURCE
Original cataloging agency FISKH
Language of cataloging eng
Transcribing agency FISKH
Modifying agency FISKH
050 ## - LIBRARY OF CONGRESS CALL NUMBER
Classification number QH26.M29
082 ## - DEWEY DECIMAL CLASSIFICATION NUMBER
Classification number 508.092
100 ## - MAIN ENTRY--PERSONAL NAME
Personal name Matthewson, Sarah
245 ## - TITLE STATEMENT
Title On the lookout :
Remainder of title Lives of naturalists /
Statement of responsibility, etc. by Sarah Matthewson
260 ## - PUBLICATION, DISTRIBUTION, ETC.
Place of publication, distribution, etc. New York :
Name of publisher, distributor, etc. Scholastic ,
Date of publication, distribution, etc. 2008.
300 ## - PHYSICAL DESCRIPTION
Extent 32 pages :
Other physical details color illustrations ;
Dimensions 24 cm .
490 ## - SERIES STATEMENT
Series statement Shockwave Social Studies
505 ## - FORMATTED CONTENTS NOTE
Formatted contents note Z <br/>
520 ## - SUMMARY, ETC.
Summary, etc. Check it out! Shocker facts, word stunners, and bite-sized bits of seriously strange information shake up reading interest in the Shockwave - the exciting new series that serves up the world's most extreme science and history for readers to discover.
521 8# - TARGET AUDIENCE NOTE
Target audience note 900 <br/>
Source Lexile IG <br/>
521 8# - TARGET AUDIENCE NOTE
Target audience note Z <br/>
Source Raz-Plus <br/>
650 ## - SUBJECT ADDED ENTRY--TOPICAL TERM
Topical term or geographic name entry element Naturalist-Biography
Form subdivision Juvenile literature
700 ## - ADDED ENTRY--PERSONAL NAME
Personal name Morrison, Ian
Relator term Educational Consultant
942 ## - ADDED ENTRY ELEMENTS (KOHA)
Source of classification or shelving scheme Dewey Decimal Classification
Koha item type Books
Suppress in OPAC No
Holdings
Withdrawn status Lost status Source of classification or shelving scheme Damaged status Not for loan Collection Home library Current library Shelving location Date acquired Total Checkouts Full call number Barcode Date last seen Price effective from Koha item type
    Dewey Decimal Classification     Non-Fiction Footprints International School Library Network Toul Kork Campus Footprints International School Library Network Toul Kork Campus TTP Secondary Non-Fiction Bookshelves 01/23/2025   MAT 508.092 QH26.M29 FISSE01313 01/23/2025 01/23/2025 Books